000 01109nac a22002291u 4500
008 100919t xxu||||| |||| 00| 0 eng d
010 _a 2006004352
020 _a0899309232 (alk. paper)
082 0 0 _a658.4
_bHUF
100 _aHuffmire, Donald W.,
_919426
245 1 0 _aHandbook of Effective Management :
_bHow to Manage or Supervise Strategically /
_cDonald W. Huffmire with Jane D. Holmes.
260 _aWestport, CT :
_bPraeger Publishers,2006
_c2006.
300 _axiv, 165 p. ;
_c24 cm.
504 _aIncludes bibliographical references (p. [159]-161) and index.
650 0 _aIndustrial management
_vHandbooks, manuals, etc.
_919427
650 0 _aManagement
_vHandbooks, manuals, etc.
_919428
650 0 _aStrategic planning
_vHandbooks, manuals, etc.
_919429
700 1 _aHolmes, Jane D.,
_d1932-
_919430
856 4 1 _3Table of contents only
_uhttp://www.loc.gov/catdir/toc/ecip068/2006004352.html
942 _cBB
_k658.4HUF
_2ddc
999 _c2761
_d2761